Регионална библиотека "Любен Каравелов" - Русе

Молитвата на Тоска (Запис номер 349433)

MARC детайли
000 -Лидер
Контролно поле с фиксирана дължина 00942ncm a2200253 a 4500
003 - Код на организацията, давaща контролен номер
Контролно поле BLK
005 - Дата и час на последна редакция
Контролно поле 20250311142033.0
008 - Елементи от данни с фиксирана дължина
fixed length control field 200324b bu ||||| |||| 00| 0 bu d
040 ## - Източник на каталожния запис
Идентификатор на билиотеката - собственик на записа BLK
041 ## - Код за език
Код за езика на текст/звукозапис или на отделно заглавие Български
Код за езика КДБФ Български
080 ## - УДК
Текстов определител УДК Вокална музика
УДК код - определител по УДК 784
УДК - код + определител 784
100 ## - Редна дума - Автор
Автор Пучини, Джакомо
Дати, свързани с автора 1858 - 1924
Автор - информация (биография) Оперен композитор
Пълна форма на името Пучини, Джакомо Антонио Доменико Микеле Секондо Мария
R(LIN) 387431
139 ## - Редно поле
Редна дума Пучини, Джакомо
Авторски знак Пу - П 93
245 ## - Сведения за заглавието
Заглавие Молитвата на Тоска
Подзаглавни данни Из оп. "Тоска"
260 ## - Област на издателските данни
9 (RLIN) 209548
Място на издаване, разпространение и проч. София
Име на издателя, разпространителя и проч. Наука и изкуство
Година на издаване 1956
300 ## - Физическа характеристика
Страници 7 с.
Размери/Мащаб 32 с.
380 ## - Жанр
Жанр Изкуство
650 #0 - Допълнително описание по предмет – тема
9 (RLIN) 353190
Основно описание – тема или топоним Опери, откъси
653 #7 - Ключова дума – ненормативна
Ключова дума опера
9 (RLIN) 192829
852 ## - Местоположение
Форматна сигнатура Цб М II 82
Фондова буква Отдел Изкуство - подръчен фонд
999 ## - СИСТЕМНИ КОНТРОЛНИ НОМЕРА
Koha biblionumber 349433
Koha biblioitemnumber 349433
942 ## - АРТИКУЛИ
Вид на библиотечния материал Нотни издания
Скрит в OPAC Не
Периодичен библиозапис Да
944 ## - СЪЗДАВАНЕ И РЕДАКЦИЯ на ЗАПИСА
Дата на регистрацията/редакция 2020-03-24
Служител, извършил регистрацията/редакцията 30560
Статус, дата на статуса Геновева Генчева
999 ## - СИСТЕМНИ КОНТРОЛНИ НОМЕРА
Koha biblioitemnumber 349433
Наличности
Код за отписване Код за изгубен артикул Източник на класификационната схема Код за повреда Коз за рестрикции Код за отдаване Артикулен № Име на библиотеката - собственик Име на библиотеката, в която се намира в момента Статус (Текущо местоположение) Дата на вписване в системата Местоположение - отдел Цена в лева Инвентарен номер Систематично азбучна сигнатура Баркод Цена в евро Служебен тип на артикула
  Не е изгубен Universal Decimal Classification Не е повреден без рестрикции заемане за дома 764487 Регионална библиотека "Любен Каравелов" Русе Регионална библиотека "Любен Каравелов" Русе Отдел Изкуство - подръчен фонд 2020-04-24 Отдел Изкуство - подръчен фонд 0.28 6848/57 784/П 593 Д 900000001759 0.14 Нотни издания
  Не е изгубен Universal Decimal Classification Не е повреден само за читалня ползва се в читалня 766302 Регионална библиотека "Любен Каравелов" Русе Регионална библиотека "Любен Каравелов" Русе Хранилище 2020-05-01 Основен фонд - ползва се само за читалня 0.28 9279/56 Цб М ІІ 82 900000007095 0.14 Нотни издания
Vip Innovations Ltd, Rousse, Bulgaria 2025